00595cam a2200169 4500008004100000020001500041035001200056100003000068245010300098250001100201260005500212300002700267504003200294504001900326650004700345700003300392080618t19981998ck 000 0 spa u a9583501859 aa4709831 aSierralta Ríos, Aíbal10aAspectos jurídicos del comercio internacional /cAníbal Sierralta Ríos, Luiz Olavo Baptista. a3a ed. aSanta Fé de Bogotá, Colombia :bTemis, cc1998 axxiv, 311 p. ;c23 cm. aBibliografía : p. 295-307 aIncluye indice 4aRegularización de comercio internacional1 aOlavo Baptista, Luiz, coaut.